000 01383nam a2200337 a 4500
003 BLK
005 20250609153523.0
007 ta
008 180411b bul|||||r ||||||| ||bul||
020 _a978-619-00-0595-7
040 _aBLK
041 _aBUL
_cBUL
080 _aТеатър. Сценично изкуство. Вж 725.82; 782; 82-2
_b792
_x(497.216)
_z792(497.216)
084 _aМ 70
100 1 _997020
_aМитев, Иван
_d1954 -
_gАктьор
_qИванов, Иван Митев
245 1 0 _aТеатърът, наречен "Надежда" : 1870 - 1970
_bСпомени за отминалото време, хората и оставената диря!
_cИван Митев.
250 _a2. прераб. и доп. изд.
257 _aBGR
260 _aВелико Търново
_bФабер
_c2025
300 _a608 с.
_bс черно-бели фотогр., потр., факс., табл.
_c30 см
380 _a7
504 _aБиблиогр.: с. 598-607
650 4 _aТеатър - България - история
_9260534
651 4 _aВелико Търново
_9178697
653 _aистория на театъра
852 _bИП
_c792(497.2)/М 70 И
856 _i0.00
_ldisable
942 _cKNG
_n0
944 _a30540
_cСевдалина Тодорова
_k30540
_lСевдалина Тодорова
999 _c539865
_d539865